| 000 | 00455nam a2200181Ia 4500 | ||
|---|---|---|---|
| 001 | 14198 | ||
| 005 | 20260306164856.0 | ||
| 008 | 260306t2015||||xx |||||||||||||| ||spa|| | ||
| 041 | _aESP | ||
| 082 |
_a510.024658 _bL81 T. 2 |
||
| 100 |
_aLoa, Gabriel _eAUT |
||
| 245 | 0 | _aMatemáticas con aplicaciones en ciencias de la empresa | |
| 260 | _c2015 | ||
| 300 |
_a609 páginas : _c25 cm. |
||
| 650 | _aGEN | ||
| 654 | _aCMA | ||
| 942 |
_cLIB _dJUS _fJUS _2ddc _n |
||
| 999 |
_c14198 _d14198 |
||